000 00433nam a2200157 i 4500
001 149972
003 ES-MaACL
005 20230906203329.0
007 t|
008 071025s1943 mx ||||1| spa d
100 1 _aValle, Rafael Heliodoro.
_9112775
245 1 0 _aVisión del Perú /
_cRafael Heliodoro Valle.
260 _aMéxico :
_bEdic. Llama,
_c[1943]
300 _a62 p. ;
_c25 cm.
852 _aES-MaACL
_j1889-F-5
_bR.26103
999 _c149972
_d149972